Master and servant : love and labour in the English industrial age

Αποθηκεύτηκε σε:
Λεπτομέρειες βιβλιογραφικής εγγραφής
Κύριος συγγραφέας: Steedman, Carolyn
Μορφή: Βιβλίο
Γλώσσα:English
Δημοσίευση: Cambridge : Cambridge University Press, 2007
Σειρά:Cambridge social and cultural histories
Θέματα:
Ετικέτες: Προσθήκη ετικέτας
Δεν υπάρχουν, Καταχωρήστε ετικέτα πρώτοι!

MARC

LEADER 00000nam a2200000 i 4500
001 1/97805
008 081120s2007 eng d
020 |a 978-0-521-69773-6 
035 |l 10101856 
040 |a GR-MY-UA  |b gre  |e aacr 
041 0 |a eng 
082 0 |a 640.460942  |2 (22) 
100 1 |a Steedman, Carolyn. 
245 1 0 |a Master and servant :  |b love and labour in the English industrial age /  |c Carolyn Steedman 
260 |a Cambridge :   |b Cambridge University Press,   |c 2007 
300 |a xi, 262 σ.;  |b εικ., χάρτες;  |c 24 εκ. 
490 1 |a Cambridge social and cultural histories  |v ; 10 
504 |a Περιέχει βιβλιογραφικές παραπομπές και ευρετήριο 
650 0 0 |a Domestics in literature  |z England  |y 18th century. 
650 0 0 |a Master and servant in literature. 
650 0 0 |a Labor  |z England  |x History  |y 19th century. 
650 0 0 |a Master and servant  |z England  |x History  |y 19th century. 
650 0 0 |a Industrial revolution  |z England  |x History  |y 19th century. 
651 0 |a Great Britain  |x Social conditions  |y 19th century. 
830 0 |a Cambridge social and cultural histories 
852 |a INST  |b LESVOS  |e 20081120  |h 640.460942 STE  |p 005100043516  |q 005100043516  |t BK  |y 0 
901 |a BIBL1-2008-3 
909 |a Λ  |b 157313 
920 |a ΕΠΕΑΕΚ ΠΜΣ ΓΥΝΑΙΚΕΣ ΚΑΙ ΦΥΛΑ  |y ΛΕΣΒΟΣ  |z 2008-09 
970 |a ΚΑΡΑ  |b ΓΙΑΣΕΜΗ  |z 2008/11/20